Les locutions française /

Guardado en:
Autor Principal: Guiraud, Pierre
Formato: Libro
Publicado: Paris : Presses Universitaires De France, 1962
Materias:
Etiquetas: Agregar Etiqueta
Sin Etiquetas, Sea el primero en etiquetar este registro!
LEADER 00468nam a22001575a 4500
001 EHU.bham005261
003 AR-BHAM
005 20081015154222.0
008 130507s1962##################000#0#####d
082 4 4 |a 447 
100 1 |a Guiraud, Pierre 
245 1 0 |a Les locutions française /  |c Pierre Guiraud. 
260 |a Paris :  |b Presses Universitaires De France,  |c 1962 
300 |a 122 p. 
653 |a Frances-dialectos 
859 |a AR-BHAM  |b BIB. HUMANIDADES - General  |h 447  |i G948  |p 99709.64  |t Ej.1